Mạch khuếch đại toán tử
Salvato in:
| Autore principale: | |
|---|---|
| Natura: | Libro |
| Lingua: | Undetermined |
| Pubblicazione: |
Cần Thơ
Viện Đại Học Cần Thơ - Đại Học Khoa Học - Ban Khoa Học ứng Dụng
1972
|
| Soggetti: | |
| Tags: |
Aggiungi Tag
Nessun Tag, puoi essere il primo ad aggiungerne! !
|
| Thư viện lưu trữ: | Trung tâm Học liệu Trường Đại học Cần Thơ |
|---|
| LEADER | 00627nam a2200181Ia 4500 | ||
|---|---|---|---|
| 001 | CTU_33849 | ||
| 008 | 210402s9999 xx 000 0 und d | ||
| 082 | |a 621.381 | ||
| 082 | |b H254 | ||
| 100 | |a Lý Kim Hên | ||
| 245 | 0 | |a Mạch khuếch đại toán tử | |
| 245 | 0 | |c Lý Kim Hên, Ngô Tứ Quan | |
| 260 | |a Cần Thơ | ||
| 260 | |b Viện Đại Học Cần Thơ - Đại Học Khoa Học - Ban Khoa Học ứng Dụng | ||
| 260 | |c 1972 | ||
| 650 | |a electric circuits,electronics,semiconductors,transistor | ||
| 904 | |i Minh, 991112 | ||
| 980 | |a Trung tâm Học liệu Trường Đại học Cần Thơ | ||